Návrh optimalizácie podnikovej kultúry ako faktora vytvárania lojality a spokojnosti zamestnancov v ArcelorMittal Gonvarri SSC Slovakia, s.r.o.

Saved in:
Bibliographic Details
Main Author: Sedláčková, Nikola (Author)
Other Authors: Vaňová, Jaromíra (Thesis advisor)
Format: Manuscript Book
Language:Slovak
Published: 2017
Subjects:
Online Access:http://is.stuba.sk/zp/portal_zp.pl?podrobnosti=126162
Tags: Add Tag
No Tags, Be the first to tag this record!

MARC

LEADER 00000ntm a22000003a 4500
001 stuzp62271
003 SK-STU
005 20170603210337.3
007 ta
008 150427s2015----xo-----f-mn---000-0-slo-d
040 |a STU  |b slo 
041 0 |a slo 
100 1 |a Sedláčková, Nikola  |u 064000  |k Z4  |4 aut  |U MTF Materiálovotechnologická fakulta  |T MTF Ústav priemyselného inžinierstva a manažmentu  |X 46755  |U M4000  |Y 84  |7 46755 
242 0 1 |a Proposal optimalization company culture of safistaction and loyalty of company employees in ArcelorMittal Gonvarri SSC Slovakia s. r. o.  |y eng 
245 1 0 |a Návrh optimalizácie podnikovej kultúry ako faktora vytvárania lojality a spokojnosti zamestnancov v ArcelorMittal Gonvarri SSC Slovakia, s.r.o. 
260 |c 2017 
650 4 |a podniková kultúra  |2 slo 
650 4 |a lojalita  |2 slo 
650 4 |a spokojnosť zamestnancov  |2 slo 
650 4 |a company culture  |2 eng 
650 4 |a employee satisfaction  |2 eng 
650 4 |a loyalty  |2 eng 
700 1 |a Vaňová, Jaromíra  |u 064000  |k Z1  |4 ths  |U MTF Materiálovotechnologická fakulta  |T MTF Ústav priemyselného inžinierstva a manažmentu  |X 2877  |U M4000  |Y 84  |7 A000002877 
856 4 |u http://is.stuba.sk/zp/portal_zp.pl?podrobnosti=126162 
996 |c M* DP-13282  |l MMSKP  |s P  |a 0  |w stuzp62271_0001